Gotycki krucyfiks z ołtarza Świętego Krzyża w kościele św.św
| Titel: | Gotycki krucyfiks z ołtarza Świętego Krzyża w kościele św.św : Janów w Toruniu |
|---|---|
| Verfasser: | |
| In: |
Album amicorum, (2008), Seite 257-270 alle Artikel anzeigen |
| Veröffentlicht: | 2008 |
| Format: | Aufsatz |
| Sprache: | Polnisch |
X
alg: 39442325 001A $01999:12-11-16 001B $01999:29-05-21 $t17:49:17.000 001D $01999:12-11-16 001U $0utf8 001X $00 002@ $0Aox 003@ $0394423259 007A $0394423259 $aHEB 007T $0Herdkk00042375 010@ $apol 011@ $a2008 021A $aGotycki krucyfiks z ołtarza Świętego Krzyża w kościele św.św $dJanów w Toruniu 028A $aPilecka $dElżbieta 031A $h257-270 $j2008 039B $aIn $8--Aau--. Album amicorum. - Toruń : Wydawnictwo Naukowe Uniwersytetu Mikołaja Kopernika, 2008. - 407 S.. - Ill.. - ISBN 83-231-2205-9 $x200800000000000743 $9366207512 045F $a709.438 $eDDC23BSB 045F/01 $a709 045F/03 $g438 045F/03 $g4382 045F/03 $g43832 lok: 39442325 78 exp: 39442325 78 1 #EPN 201B/01 $030-11-17 $t23:19:03.000 201U/01 $0utf8 203@/01 $0790533669 208@/01 $a12-11-16 $be 209A/01 $a/ $f000 $x00 220C/01 $aHerkunft: PBB/IH PAN 244Z/01 $2Trx $#Poola $#Lenkija $#Polija $#Polen Land $#Poland $#Lengyelország $#Poľsko $#Polsko $8--Trx--Polska$gkraj $x01 $9391345966 244Z/01 $2Trx $#Prusy Wschodnie i Zachodnie $8--Trx--Ost- und Westpreußen $x02 $939113373X 244Z/01 $#Thorun $#Torunė $#Thorn $72024611-0 $8--Tg1--Toruń $x03 $9042779502 244Z/01 $2Trx $#altarid $#altoriai $#Altars $#oltárok $#ołtarze $#oltáre $#oltáře $8--Trx--Altäre $x04 $939135812X 244Z/01 $2Trx $#kunst, sakraalne $#sakralinis menas $#Art, sacred $#müvészet, szakrális $#sztuka sakralna $#umenie sakrálne $#umění sakrální $8--Trx--Kunst, sakrale $x05 $9391354639 244Z/01 $2Trx $#gootika $#gotika $#Gothic $#gótika $#gotyk $#gotika $#gotika $8--Trx--Gotik $x06 $9391357506 244Z/01 $2Trx $8--Trx--Einzelbeiträge $x07 $9391384570 245Z/01 $a11.10 $x01 247C/01 $82080>Marburg/Lahn, Herder-Institut, Forschungsbibliothek, Bibliographieportal $9336309341
| LEADER | 00000caa a22000002c 4500 | ||
|---|---|---|---|
| 001 | 394423259 | ||
| 003 | DE-603 | ||
| 005 | 20210529174917.0 | ||
| 007 | tu | ||
| 008 | 161112s2008 xx |||| | u00||u|pol c | ||
| 035 | |a (DE-599)HEB394423259 | ||
| 040 | |a DE-603 |b ger |c DE-603 |d DE-603 | ||
| 041 | |a pol | ||
| 082 | 0 | 4 | |8 1\u |a 709.438 |q DE-101 |2 23/BSB |
| 085 | |8 1\u |b 709 | ||
| 085 | |8 1\u |z 2 |s 438 | ||
| 085 | |8 1\u |z 2 |s 4382 | ||
| 085 | |8 1\u |z 2 |s 43832 | ||
| 100 | 1 | |a Pilecka, Elżbieta | |
| 245 | 0 | 0 | |a Gotycki krucyfiks z ołtarza Świętego Krzyża w kościele św.św |b Janów w Toruniu |
| 264 | 0 | |c 2008 | |
| 773 | 0 | 8 | |i In |t Album amicorum |d Toruń : Wydawnictwo Naukowe Uniwersytetu Mikołaja Kopernika, 2008 |h 407 S., Ill. |z 8323122059 |z 9788323122050 |g (2008), Seite 257-270 |w (DE-603)366207512 |
| 924 | 0 | |9 2080 |a (DE-603)790533669 |b DE-2080 |c HES |d d |g / | |


